| 000 | 00607nam a22001817a 4500 | ||
|---|---|---|---|
| 005 | 20231115115308.0 | ||
| 010 | _aENG-138113 | ||
| 020 |
_a9789357059619 _c649.00 |
||
| 035 | _aEN-121645 | ||
| 037 | _bDBAD/PUB | ||
| 082 | _a658.872 | ||
| 100 |
_aBhatia, Puneet Singh _958681 |
||
| 245 |
_aFundamentals of Digital Marketing/ _cBy Puneet Singh Bhatia |
||
| 260 |
_aUttar Pradesh _bPearson India Education Services Pvt.Ltd. _c2023 |
||
| 270 |
_a1st Floor, Berger Tower, Plot No. C-001A/2, Sector 16B _bNoida _e201301 |
||
| 300 |
_axxiii,488 _c24cm(pbk) |
||
| 942 |
_2ddc _cEN _h658.872 _mBHA |
||
| 999 |
_c198303 _d198303 |
||